| 000 | 02136cam a22002054a 4500 | ||
|---|---|---|---|
| 005 | 20250605163948.0 | ||
| 008 | 250528s ||||||||||||||||||||||||d | ||
| 035 | _a15282 | ||
| 020 | _a135513596 | ||
| 040 |
_aGR-AtMCL _bgre _dGR-AtMCL _eAACR2 |
||
| 245 | 1 | _aManagement Accounting / Text and Cases: Prentice-Hall International Editions | |
| 260 |
_bPrentice Hall International, _c1988 |
||
| 300 | _a642 | ||
| 505 | 0 | _aPreface, Introduction, Cost Accounting Systems, An Introduction to Manufacturing Cost Accounting Systems, Standard Cost Accounting Systems, Historical and Combination Cost Accounting Systems, Assigning Overhead Costs to Products, Miscellaneous Topics in Cost Accounting, Decison Support Systems, Decision Support Systems: Tactical Marketing Decisions, Decision Support Systems: Disinvestment Decisions, Decision Support Systems: Capital Investment Decisions, Financial Control Systems, Manufacturing Cost Varriance Analysis, Financial Control of Manufacturing Overhead Expenses, Financial Control of Discretionary Expenses, Profit Analysis, Management Control Systems, Profit Centers, Transfer Pricing, Measurement of Performance, Cost Accounting and Control in Service Industries, Comprehensive Cases. | |
| 520 | _aPreface, Introduction, Cost Accounting Systems, An Introduction to Manufacturing Cost Accounting Systems, Standard Cost Accounting Systems, Historical and Combination Cost Accounting Systems, Assigning Overhead Costs to Products, Miscellaneous Topics in Cost Accounting, Decison Support Systems, Decision Support Systems: Tactical Marketing Decisions, Decision Support Systems: Disinvestment Decisions, Decision Support Systems: Capital Investment Decisions, Financial Control Systems, Manufacturing Cost Varriance Analysis, Financial Control of Manufacturing Overhead Expenses, Financial Control of Discretionary Expenses, Profit Analysis, Management Control Systems, Profit Centers, Transfer Pricing, Measurement of Performance, Cost Accounting and Control in Service Industries, Comprehensive Cases. | ||
| 700 | 1 |
_aDearden John _91175 |
|
| 942 | _cBK | ||
| 999 |
_c873 _d873 |
||